Cost Accounting and financial Management (Record no. 2643)

MARC details
000 -LEADER
fixed length control field 00437nam a22001817a 4500
005 - DATE AND TIME OF LATEST TRANSACTION
control field 20180711123725.0
008 - FIXED-LENGTH DATA ELEMENTS--GENERAL INFORMATION
fixed length control field 160614b xxu||||| |||| 00| 0 eng d
020 ## - INTERNATIONAL STANDARD BOOK NUMBER
ISBN 978-81-7194-594-3
041 ## - LANGUAGE CODE
Language code of text/sound track or separate title eng
082 ## - DEWEY DECIMAL CLASSIFICATION NUMBER
Item number 7420
Classification number 658.1511
100 ## - MAIN ENTRY--AUTHOR NAME
Personal name Kishore, Ravi M
245 ## - TITLE STATEMENT
Title Cost Accounting and financial Management
250 ## - EDITION STATEMENT
Edition statement 6th ed.
260 ## - PUBLICATION, DISTRIBUTION, ETC. (IMPRINT)
Name of publisher Taxmann
300 ## - PHYSICAL DESCRIPTION
Number of Pages 1053p,
650 ## - SUBJECT ADDED ENTRY--TOPICAL TERM
Topical Term Management
942 ## - ADDED ENTRY ELEMENTS (KOHA)
Koha item type Books
Holdings
Lost status Damaged status Collection code Home library Current library Shelving location Date acquired Cost, normal purchase price Full call number Accession Number Koha item type
    MANAGEMENT JRU Library JRU Library SHELF -72 - K 14/06/2016 625.00 658.1511 7420 Books
    MANAGEMENT JRU Library JRU Library SHELF -72 - K 14/06/2016 625.00 658.1511 7421 Books
    MANAGEMENT JRU Library JRU Library SHELF -72 - K 14/06/2016 625.00 658.1511 7422 Books